Normal view MARC view

Entry Personal Name

Number of records used in: 1

001 - CONTROL NUMBER

  • control field: 10238

003 - CONTROL NUMBER IDENTIFIER

  • control field: DLC

005 - DATE AND TIME OF LATEST TRANSACTION

  • control field: 20231229143445.0

008 - FIXED-LENGTH DATA ELEMENTS

  • fixed length control field: 030415n| acannaabn |n aaa

010 ## - LIBRARY OF CONGRESS CONTROL NUMBER

  • LC control number: n 2003008585

040 ## - CATALOGING SOURCE

  • Original cataloging agency: DLC
  • Language of cataloging: eng
  • Transcribing agency: DLC

100 1# - HEADING--PERSONAL NAME

  • Personal name: Patankar, Manoj S.,
  • Dates associated with a name: 1968-

670 ## - SOURCE DATA FOUND

  • Source citation: Patankar, Manoj S. Risk management and error reduction in aviation maintenance, 2003:
  • Information found: CIP t.p. (Manoj S. Patankar) data sheet (b. Nov. 19, 1968)

Powered by Koha